000 00469nam a22001577a 4500
999 _c3673
_d3673
003 AR-CdUCM
008 190307b ||||| |||| 00| 0 spa d
040 _aMUNICIPALIDAD PROVINCIAL DEL CUSCO
_cBIBLIOTECA MUNICIPAL DEL CUSCO
082 _a808.81 /
_bM26
100 _aMarquez, Joaquin
_911929
245 _aEtiquetas para pieles humanas /
260 _aMadrid :
_bCultura Hispanica ,
_c1978.
300 _a62 páginas ;
_c20.2 cm.
942 _2ddc
_cLIBROS
945 _artm